[Event "Regionalliga Nord-Ost 1718"]
[Site "Bayern"]
[Date "2018.02.25"]
[Round "7.4"]
[White "Moroz, Grigorij"]
[Black "Rohrwild, Juergen"]
[Result "1-0"]
[WhiteElo "1907"]
[BlackElo "1860"]
[PlyCount "84"]
[EventDate "2017.10.22"]
[EventType "team-tourn"]
[EventRounds "9"]
[EventCountry "GER"]
[SourceTitle "EXT 2022"]
[Source "ChessBase"]
[SourceDate "2021.10.06"]
[SourceVersion "1"]
[SourceVersionDate "2021.10.06"]
[SourceQuality "1"]
[WhiteTeam "Weiden"]
[BlackTeam "Kareth Lappersdorf II"]
[WhiteTeamCountry "GER"]
[BlackTeamCountry "GER"]

1. e4 c6 2. d4 d5 3. Nc3 dxe4 4. Nxe4 Bf5 5. Ng3 Bg6 6. N1e2 h6 7. Nf4 Bh7 8. Bc4 Nf6 9. 0-0 g5 10. Nfh5 Qd6 11. c3 Bg6 12. Nxf6+ Qxf6 13. f4 g4 14. f5 Bh7 15. Qxg4 Rg8 16. Qh5 Nd7 17. Rf3 Qg7 18. Qh3 Nf6 19. Bf4 0-0-0 20. Be5 Qg5 21. Bxf7 Rg7 22. Be6+ Nd7 23. Bxg7 Qxg7 24. Ne4 Kb8 25. Qh4 Nf6 26. Qf4+ Ka8 27. Qc7 Rb8 28. Nc5 Ne8 29. Qa5 Bg8 30. Nd7 b6 31. Qa6 Nc7 32. Nxb6+ Rxb6 33. Qc8+ Rb8 34. Qxc7 Bxe6 35. Qxc6+ Rb7 36. fxe6 Qg8 37. Rf5 Bg7 38. Rb5 Qb8 39. a4 Qc7 40. Qxb7+ Qxb7 41. Rxb7 Kxb7 42. Rf1 Bf6 1-0

[Event "Regionalliga Nord-Ost 1718"]
[Site "Bayern"]
[Date "2017.12.10"]
[Round "4.5"]
[White "Rohrwild, Juergen"]
[Black "Schoen, Rudolf"]
[Result "1-0"]
[WhiteElo "1860"]
[BlackElo "1899"]
[PlyCount "89"]
[EventDate "2017.10.22"]
[EventType "team-tourn"]
[EventRounds "9"]
[EventCountry "GER"]
[SourceTitle "EXT 2022"]
[Source "ChessBase"]
[SourceDate "2021.10.06"]
[SourceVersion "1"]
[SourceVersionDate "2021.10.06"]
[SourceQuality "1"]
[WhiteTeam "Kareth Lappersdorf II"]
[BlackTeam "Windischeschenbach"]
[WhiteTeamCountry "GER"]
[BlackTeamCountry "GER"]

1. e4 c5 2. Nc3 g6 3. f4 Bg7 4. Nf3 Nc6 5. Bb5 Nd4 6. Bc4 e6 7. 0-0 Ne7 8. Nxd4 Bxd4+ 9. Kh1 a6 10. e5 b5 11. Bd3 c4 12. Be4 Rb8 13. Ne2 Ba7 14. d4 cxd3 15. Qxd3 h5 16. Bd2 Nf5 17. Bb4 Bb7 18. Bxf5 gxf5 19. Qg3 d5 20. Qg7 Kd7 21. Qxf7+ Kc8 22. Qxe6+ Qd7 23. Qxd7+ Kxd7 24. c3 Rbc8 25. Rad1 h4 26. Nd4 h3 27. Rf3 hxg2+ 28. Kxg2 Bb6 29. Rg3 Ke8 30. Nxf5 d4+ 31. Kf1 Rc7 32. Nd6+ Kd8 33. Nxb7+ Rxb7 34. Kg2 Rbh7 35. h3 a5 36. Ba3 Rc7 37. Bd6 Rc4 38. Rd2 dxc3 39. Rxc3 Rxc3 40. bxc3 Ke8 41. Kg3 Rg8+ 42. Kf3 Rg1 43. Rg2 Rc1 44. e6 Rxc3+ 45. Ke4 1-0

[Event "Regionalliga Nord-Ost 1718"]
[Site "Bayern"]
[Date "2017.10.22"]
[Round "1.5"]
[White "Wallinger, Manfred"]
[Black "Rohrwild, Juergen"]
[Result "1-0"]
[WhiteElo "2042"]
[BlackElo "1860"]
[PlyCount "83"]
[EventDate "2017.10.22"]
[EventType "team-tourn"]
[EventRounds "9"]
[EventCountry "GER"]
[SourceTitle "EXT 2022"]
[Source "ChessBase"]
[SourceDate "2021.10.06"]
[SourceVersion "1"]
[SourceVersionDate "2021.10.06"]
[SourceQuality "1"]
[WhiteTeam "Altensittenbach"]
[BlackTeam "Kareth Lappersdorf II"]
[WhiteTeamCountry "GER"]
[BlackTeamCountry "GER"]

1. Nf3 Nf6 2. g3 d5 3. Bg2 c6 4. 0-0 Bf5 5. b3 Nbd7 6. Bb2 e6 7. d3 Qc7 8. Nh4 Bg6 9. c4 Be7 10. Qc2 0-0 11. Nc3 Rac8 12. Rac1 d4 13. Nxg6 hxg6 14. Ne4 Nxe4 15. Bxe4 Bf6 16. b4 Rcd8 17. Qb1 Nb6 18. Qc2 Nc8 19. Bg2 Nd6 20. Qa4 Qb8 21. Ba3 Rc8 22. Rb1 Rfd8 23. Bc1 Nf5 24. Bd2 Qc7 25. Rfc1 b6 26. Rb3 Rd7 27. Qa6 Rcd8 28. c5 Ne7 29. b5 Nc8 30. bxc6 Re7 31. Bb4 Ree8 32. Bf3 Be7 33. cxb6 axb6 34. Bd2 Bc5 35. Rxc5 bxc5 36. Ba5 Qd6 37. Rb7 Re7 38. Rxe7 Qxe7 39. Bxd8 Qxd8 40. Qb7 Nd6 41. Qd7 Qf8 42. c7 1-0

[Event "Regionalliga NO 1617"]
[Site "Bayern"]
[Date "2017.04.02"]
[Round "8.6"]
[White "Ludwig, Michael"]
[Black "Rohrwild, Juergen"]
[Result "1-0"]
[WhiteElo "1895"]
[BlackElo "1836"]
[PlyCount "73"]
[EventDate "2016.10.16"]
[EventType "team-tourn"]
[EventRounds "9"]
[EventCountry "GER"]
[SourceTitle "EXT 2019"]
[Source "ChessBase"]
[SourceDate "2018.10.10"]
[SourceVersion "1"]
[SourceVersionDate "2018.10.10"]
[SourceQuality "1"]
[WhiteTeam "Buechenbach/Roth"]
[BlackTeam "Kareth Lappersdorf II"]
[WhiteTeamCountry "GER"]
[BlackTeamCountry "GER"]

1. e4 c6 2. c4 d5 3. cxd5 cxd5 4. exd5 Qxd5 5. Nf3 Nf6 6. Nc3 Qa5 7. d4 e6 8. a3 Bd6 9. Bd3 Bd7 10. 0-0 Bc6 11. Be3 Qh5 12. Ne5 Qxd1 13. Rfxd1 0-0 14. h3 Rd8 15. b4 h6 16. Rac1 Bd5 17. Nb5 Nc6 18. Nxd6 Rxd6 19. b5 Ne7 20. Rc7 Re8 21. Rdc1 Rdd8 22. Nc4 Nc8 23. a4 Re7 24. Ne5 Rxc7 25. Rxc7 Nd6 26. a5 Rc8 27. Rc5 Nfe4 28. Rxc8+ Nxc8 29. Nd7 Ncd6 30. Bf4 Nf5 31. Bb8 Nxd4 32. Bxa7 Nf5 33. Nb6 Nfd6 34. Bb8 Nc5 35. Nxd5 exd5 36. Bxd6 Nxd3 37. a6 1-0

[Event "Regionalliga NO 1213"]
[Site "Bayern"]
[Date "2012.11.25"]
[Round "3.8"]
[White "Rohrwild, Juergen"]
[Black "Mann, Johannes"]
[Result "1/2-1/2"]
[WhiteElo "1824"]
[BlackElo "1888"]
[PlyCount "56"]
[EventDate "2012.10.14"]
[EventType "team-tourn"]
[EventRounds "9"]
[EventCountry "GER"]
[SourceTitle "EXT 2015"]
[Source "ChessBase"]
[SourceDate "2014.11.20"]
[SourceVersion "1"]
[SourceVersionDate "2014.11.20"]
[SourceQuality "1"]
[WhiteTeam "Kareth Lappersdorf II"]
[BlackTeam "Forchheim II"]
[WhiteTeamCountry "GER"]
[BlackTeamCountry "GER"]

1. e4 c6 2. d4 d5 3. exd5 cxd5 4. Bd3 Nc6 5. c3 Qc7 6. Be3 Nf6 7. h3 e5 8. dxe5 Nxe5 9. Nf3 Nxd3+ 10. Qxd3 Bd6 11. 0-0 Be6 12. Nbd2 0-0 13. Nd4 a6 14. N2f3 Ne4 15. Ng5 Nxg5 16. Bxg5 Rfe8 17. Rfe1 Bd7 18. Qf3 Bc6 19. Qg4 Bd7 20. Qf3 Bc6 21. Nf5 f6 22. Nxd6 Qxd6 23. Bf4 Qd7 24. Qd3 Rxe1+ 25. Rxe1 Re8 26. Rxe8+ Qxe8 27. Qe3 Qxe3 28. Bxe3 Kf7 1/2-1/2

[Event "Oberpfalz-ch M1"]
[Site "Roding"]
[Date "2010.03.28"]
[Round "3"]
[White "Maurer, Heinrich"]
[Black "Rohrwild, Juergen"]
[Result "1-0"]
[WhiteElo "2048"]
[BlackElo "1862"]
[PlyCount "77"]
[EventDate "2010.03.27"]
[EventType "swiss"]
[EventRounds "8"]
[EventCountry "GER"]
[SourceTitle "EXT 2012"]
[Source "ChessBase"]
[SourceDate "2011.11.24"]
[SourceVersion "1"]
[SourceVersionDate "2011.11.24"]
[SourceQuality "1"]

1. e4 c6 2. d4 d5 3. Nc3 dxe4 4. Nxe4 Bf5 5. Ng3 Bg6 6. h4 h6 7. h5 Bh7 8. Nf3 Nd7 9. Bd3 Bxd3 10. Qxd3 e6 11. Bd2 Ngf6 12. 0-0-0 Qc7 13. Qe2 0-0-0 14. Ne5 Nxe5 15. dxe5 Nd5 16. Kb1 Qb6 17. c4 Nb4 18. Be3 c5 19. Ne4 Be7 20. a3 Nc6 21. f4 Nd4 22. Bxd4 Rxd4 23. Rxd4 cxd4 24. c5 Qb3 25. Rd1 Kb8 26. Rxd4 Rc8 27. Nd6 Rc7 28. Rb4 Qd5 29. Qb5 Qd1+ 30. Ka2 Qd5+ 31. Rb3 a6 32. Qe8+ Ka7 33. Nc8+ Rxc8 34. Qxc8 Bxc5 35. Qc7 Ka8 36. g3 b6 37. Qxf7 a5 38. f5 Bxa3 39. Qxe6 1-0

[Event "Erbendorf op"]
[Site "Erbendorf"]
[Date "2009.06.12"]
[Round "3"]
[White "Rohrwild, Juergen"]
[Black "Laubert, Johannes"]
[Result "0-1"]
[WhiteElo "1753"]
[BlackElo "2039"]
[PlyCount "88"]
[EventDate "2009.06.11"]
[EventType "swiss"]
[EventRounds "7"]
[EventCountry "GER"]
[SourceTitle "CBM 130 Extra"]
[Source "ChessBase"]
[SourceDate "2009.07.02"]
[SourceVersion "2"]
[SourceVersionDate "2009.07.15"]
[SourceQuality "1"]

1. e4 e6 2. d3 c5 3. g3 Nc6 4. Bg2 g6 5. Nf3 Bg7 6. Nbd2 Nge7 7. 0-0 0-0 8. Re1 d6 9. c3 b6 10. Nf1 Qc7 11. h4 e5 12. a3 f6 13. Bd2 Be6 14. Qc1 d5 15. N1h2 Rad8 16. g4 Qd7 17. Bh6 Bxg4 18. Nxg4 Qxg4 19. Kh1 Qh5 20. Bxg7 Kxg7 21. Nh2 Qxh4 22. Re3 dxe4 23. Bxe4 f5 24. Bg2 Rd6 25. Rh3 Qf4 26. Qc2 Rfd8 27. Re1 c4 28. Ree3 cxd3 29. Qb3 h6 30. Qd1 e4 31. Nf1 Ne5 32. f3 Nd5 33. Re1 e3 34. Ng3 e2 35. Nxe2 dxe2 36. Qxe2 Nf7 37. Qf2 Qc4 38. Bf1 Qc5 39. Qc2 Ne3 40. Qc1 Nxf1 41. Rxf1 Rd2 42. b4 Qe3 43. c4 Qe2 44. Rg1 Rd1 0-1

[Event "Erbendorf op"]
[Site "Erbendorf"]
[Date "2009.06.11"]
[Round "1"]
[White "Rohrwild, Juergen"]
[Black "Werner, Claus"]
[Result "0-1"]
[WhiteElo "1753"]
[BlackElo "2243"]
[PlyCount "92"]
[EventDate "2009.06.11"]
[EventType "swiss"]
[EventRounds "7"]
[EventCountry "GER"]
[SourceTitle "CBM 130 Extra"]
[Source "ChessBase"]
[SourceDate "2009.07.02"]
[SourceVersion "2"]
[SourceVersionDate "2009.07.15"]
[SourceQuality "1"]

1. e4 c5 2. d3 Nc6 3. g3 g6 4. Bg2 Bg7 5. Nf3 d6 6. Nbd2 e5 7. c3 Nge7 8. 0-0 0-0 9. h4 h6 10. Nc4 Be6 11. b3 d5 12. Ne3 d4 13. cxd4 Nxd4 14. Nxd4 Qxd4 15. Nc2 Qd7 16. Be3 b6 17. Qe2 a5 18. Na3 Rfd8 19. Nc4 Qc7 20. Rac1 Nc6 21. a3 Nd4 22. Qb2 b5 23. Bxd4 Rxd4 24. Ne3 Rxd3 25. Nd5 Bxd5 26. exd5 e4 27. Qc2 Bd4 28. Kh2 f5 29. Rfd1 Rxd1 30. Rxd1 Qe5 31. Bf1 Rb8 32. d6 Kg7 33. d7 b4 34. axb4 axb4 35. Ba6 Rf8 36. Rd2 f4 37. Re2 e3 38. Qa2 Qd5 39. Bb5 Ra8 40. Ba4 exf2 41. Rxf2 fxg3+ 42. Kxg3 Be5+ 43. Kh3 Qh1+ 44. Kg4 h5+ 45. Kg5 Qg1+ 46. Rg2 Qe3# 0-1